| 000 | 00481cam a22001577a 4500 | ||
|---|---|---|---|
| 020 | _a031202357X | ||
| 082 |
_a818 _bLAW _cD |
||
| 100 |
_aLawn, Beverty _945907 |
||
| 245 | 0 | 0 |
_aLiterature : _b150 masterpieces of fiction, poetry, and drama / _cedited by Beverly Lawn. |
| 260 |
_aNew York : _bSt. Martin's Press, _cc1991. |
||
| 300 |
_axv, 975 p. ; _c21 cm. |
||
| 526 |
_a0 _b0 _c0 _d818_000000000000000_LAW |
||
| 650 |
_aD _96527 |
||
| 700 | 1 |
_aLawn, Beverly. _945908 |
|
| 942 |
_2ddc _cBK |
||
| 999 |
_c549310 _d549310 |
||